[Event "KEN-ch"]
[Site "Nairobi"]
[Date "2022.12.28"]
[Round "5"]
[White "Kigen, Kennedy"]
[Black "Ndirangu, Peter"]
[Result "1-0"]
[WhiteElo "1741"]
[BlackElo "1415"]
[PlyCount "83"]
[EventDate "2022.12.26"]
[EventType "swiss"]
[EventRounds "9"]
[EventCountry "KEN"]
[SourceTitle "EXT 2024"]
[Source "ChessBase"]
[SourceDate "2023.10.10"]
[SourceVersion "1"]
[SourceVersionDate "2023.10.10"]
[SourceQuality "1"]

1. Nf3 Nf6 2. g3 d5 3. Bg2 Bf5 4. d3 e6 5. 0-0 Be7 6. Nbd2 0-0 7. Re1 Nbd7 8. c3 Re8 9. e4 dxe4 10. dxe4 Bg6 11. e5 Nd5 12. Nf1 c6 13. a3 Qc7 14. c4 N5b6 15. Qe2 Rad8 16. Bf4 a6 17. N1d2 Nc5 18. Rac1 Nd3 19. Ne4 Bxe4 20. Qxe4 Nxc1 21. Rxc1 h6 22. h4 Qd7 23. Be3 Nc8 24. g4 Qd3 25. Qf4 Qh7 26. g5 h5 27. Nd2 Qf5 28. Qh2 Qd3 29. Be4 Qe2 30. Bf3 Qd3 31. Rc3 Qh7 32. Be4 g6 33. c5 Rd7 34. Nc4 Red8 35. Nd6 Nxd6 36. cxd6 Bxd6 37. exd6 Rxd6 38. Rb3 R8d7 39. Bf4 Qg7 40. Be5 Qf8 41. Qf4 Kh7 42. Qf3 1-0